Surah Names - Statistics

General Stats
  • This quiz has been taken 904 times
  • The average score is 51 of 114
Answer Stats
Answer % Correct
Al-Baqarah
93%
Al-Fatihah
88%
An-Nas
86%
Al-Falaq
79%
An-Nisa
78%
Al-Ikhlas
77%
An-Naba
75%
Al-'Asr
71%
Maryam
70%
Yusuf
70%
Al-Kafirun
67%
Al-Kahf
66%
Yunus
62%
Al-Fil
61%
Al-Ma'idah
61%
Al-Masad
61%
Hud
61%
Ibrahim
61%
Ya-sin
60%
Ad-Duhaa
59%
Al-Mulk
59%
Ali 'Imran
58%
Al-Kawthar
58%
Ash-Shams
58%
An-Nasr
57%
Ar-Rahman
57%
At-Tin
55%
An-Nahl
52%
At-Tawbah
52%
Taha
52%
Al-Fajr
51%
Al-Humazah
51%
Al-Layl
51%
Nuh
51%
Al-Anfal
50%
Al-'Ankabut
50%
An-Naml
50%
Al-'Alaq
49%
Al-A'raf
49%
Al-Isra
49%
Al-Qadr
49%
Al-Balad
48%
Al-Qari'ah
47%
Al-A'la
45%
Al-Waqi'ah
45%
Ar-Ra'd
45%
Sad
45%
Al-Ma'un
44%
An-Nazi'at
44%
As-Saf
44%
Muhammad
44%
Al-An'am
43%
Al-Jinn
43%
Luqman
43%
Al-Infitar
42%
Al-Qamar
42%
Quraysh
42%
Al-Buruj
41%
Al-Furqan
41%
Al-Mu'minun
41%
Al-Qalam
41%
An-Najm
41%
Ar-Rum
41%
At-Takathur
41%
Az-Zalzalah
41%
Qaf
41%
'Abasa
40%
Al-Bayyinah
40%
Al-Hijr
39%
Al-Qiyamah
39%
Al-Anbiya
38%
Al-Fath
38%
Al-Hajj
38%
Al-Insan
38%
An-Nur
38%
Al-'Adiyat
37%
Al-Haqqah
37%
Al-Qasas
37%
At-Talaq
37%
Al-Munafiqun
35%
Ash-Shu'ara
35%
As-Sajdah
35%
At-Tariq
35%
Al-Ahzab
34%
Al-Jumu'ah
33%
Al-Muddaththir
33%
Al-Muzzammil
33%
As-Saffat
33%
Fussilat
33%
Ghafir
33%
Ash-Shuraa
32%
Al-Inshiqaq
31%
Az-Zumar
31%
Ad-Dukhan
30%
Al-Ghashiyah
30%
Al-Hadid
30%
At-Tur
30%
Al-Mumtahanah
29%
Al-Mursalat
29%
Fatir
29%
Al-Hashr
28%
At-Tahrim
28%
Ash-Sharh
27%
Az-Zukhruf
27%
Saba
26%
Al-Mujadila
25%
Adh-Dhariyat
24%
Al-Hujurat
24%
Al-Ma'arij
24%
Al-Mutaffifin
24%
At-Taghabun
24%
Al-Ahqaf
22%
Al-Jathiyah
18%
At-Takwir
12%
No matching quizzes found
Score Distribution
Percent of People with Each Score
Percentile by Number Answered
Your Score History
You have not taken this quiz